banner-ar

MANUAL OF AGRICULTURAL NEMATOLOGY / (Record no. 17508)

MARC details
000 -الفاتح
حقل البيانات ثابتة الطول 00465nam a2200169Ia 4500
008 - عناصر البيانات ثابتة الطول - معلومات عامة
حقل البيانات ثابتة الطول 140319s9999 xx 000 0 eng d
040 ## - مصدر الفهرسة
وكالة الفهرسة الأصلية GCL /
وكالة النسخ GCL
082 04 - رقم تصنيف ديوى العشرى
رقم التصنيف REF
رقم المادة 632.65182
-- N M
100 1# - المدخل الرئيسى - إسم شخصى
الإسم الشخصى LACKMAR, JANET
245 10 - بيان العنوان
العنوان MANUAL OF AGRICULTURAL NEMATOLOGY /
بيان المسئوليه,etc LACKMAR, JANET
260 ## - PUBLICATION, DISTRIBUTION, ETC. (IMPRINT)
تاريخ النشر أو التوزيع 1991
650 04 - المدخل الاضافى بالموضوع-مصطلح موضوعى
مصطلح موضوعي MANUALS
650 04 - المدخل الاضافى بالموضوع-مصطلح موضوعى
مصطلح موضوعي AGRICULTURE
650 04 - المدخل الاضافى بالموضوع-مصطلح موضوعى
مصطلح موضوعي AGRICULTURE PROCESS
942 ## - عناصر المدخل الإضافي( كوها)
مصدر التصنيف او مخطط الترفيف Dewey Decimal Classification
Koha [default] item type كتاب
260 ## - PUBLICATION, DISTRIBUTION, ETC. (IMPRINT)
-- [S.N] :
-- MACMILLAN PUBLISHING COMPANY ،
Holdings
حالة التراجع حالة الفقد حالة تلف ليس للاعارة المكان المؤقت الموقع الحالى تاريخ الاكتساب اجمالي اﻻعارات رقم الطلب الباركود تاريخ اخر مشاهدة تاريخ تفعيل السعر نوع وعاء كوها
        مكتبة القاهرة الكبرى مكتبة القاهرة الكبرى 03/26/2014   REF\632.65182\N M 31665 03/26/2014 03/26/2014 كتاب

Powered By

EGPV